000
00265nam a2200109Ia 4500
008
190914s9999||||xx |||||||||||||| ||und||
100
_a
Anthony Henry
245
0
_a
Understanding Strategic Management
260
_a
India
_b
Oxford
_c
2003
300
_a
870
942
_c
BK
999
_c
9885
_d
9885